Hướng dẫn làm bài tập và ôn tập Vật lí 12

Sách được viết dựa trên sách giáo khoa Vật lí 12 biên soạn theo chương trình chuẩn nhằm giúp học sinh ôn tập và làm bài tập, qua đó nắm được những kiến thức cơ bản nhất đồng thời có kĩ năng giải được những dạng bài tập cơ bản đượ...

Popoln opis

Shranjeno v:
Bibliografske podrobnosti
Glavni avtor: Tô, giang
Format: Knjiga
Jezik:Undetermined
Izdano: Hà Nội Giáo dục 2008
Teme:
Oznake: Označite
Brez oznak, prvi označite!
Thư viện lưu trữ: Trung tâm Học liệu Trường Đại học Cần Thơ
LEADER 01055nam a2200217Ia 4500
001 CTU_197576
008 210402s9999 xx 000 0 und d
020 |c 20500 
082 |a 530.076 
082 |b Gi106 
100 |a Tô, giang 
245 0 |a Hướng dẫn làm bài tập và ôn tập Vật lí 12 
245 0 |c Tô giang chủ biên 
260 |a Hà Nội 
260 |b Giáo dục 
260 |c 2008 
520 |a Sách được viết dựa trên sách giáo khoa Vật lí 12 biên soạn theo chương trình chuẩn nhằm giúp học sinh ôn tập và làm bài tập, qua đó nắm được những kiến thức cơ bản nhất đồng thời có kĩ năng giải được những dạng bài tập cơ bản được quy định trong chương trình. 
650 |a Physics,Vật lý 
650 |x Problems, exericses, etc.,Câu hỏi và bài tập 
904 |i Hải 
980 |a Trung tâm Học liệu Trường Đại học Cần Thơ